000 00541pab a2200169 454500
008 180718b2008 xxu||||| |||| 00| 0 eng d
100 _aRischkowsky, Franziska
245 _aConsumer policy in a market economy: considerations from the perspective of the economics of information, the new institutional economics as well as behavioural economics
260 _c2008
300 _ap.285-313.
362 _aSep
650 _aConsumers
700 _aDoring, Thomas
773 _aJournal of Consumer Policy
908 _aN
909 _a79309
999 _c79309
_d79309